Подробности
| 000 -МАРКЕР |
| контрольное поле |
03149nam0a2200409 4500 |
| 001 - ИДЕНТИФИКАТОР ЗАПИСИ |
| контрольное поле |
RU\NLR\BIBL_A\022522331 |
| 005 - ИДЕНТИФИКАТОР ВЕРСИИ |
| контрольное поле |
20260408221440.0 |
| 035 ## - ДРУГИЕ СИСТЕМНЫЕ НОМЕРА |
| Идентификатор записи |
(NLR Aleph) 022522331 |
| 100 ## - ДАННЫЕ ОБЩЕЙ ОБРАБОТКИ |
| Данные общей обработки |
20250415d1980 |||y0rusy50 ca |
| 101 0# - ЯЗЫК РЕСУРСА |
| Язык текста, звукозаписи и т.д. |
русский |
| 102 ## - СТРАНА ПУБЛИКАЦИИ ИЛИ ПРОИЗВОДСТВА |
| Страна публикации |
Российская Федерация |
| 105 ## - ПОЛЕ КОДИРОВАННЫХ ДАННЫХ: ТЕКСТОВЫЕ МАТЕРИАЛЫ, МОНОГРАФИЧЕСКИЕ |
| Кодированные данные о монографическом текстовом документе |
y ac 100yy |
| 181 #0 - ПОЛЕ КОДИРОВАННЫХ ДАННЫХ: ВИД СОДЕРЖАНИЯ |
| Код вида содержания (ISBD) |
i4 |
| Код характеристики содержания (ISBD) |
axxe |
| 182 #0 - ПОЛЕ КОДИРОВАННЫХ ДАННЫХ: ТИП СРЕДСТВА |
| Код типа средства (ISBD) |
n - непосредственное |
| 200 1# - ЗАГЛАВИЕ И СВЕДЕНИЯ ОБ ОТВЕТСТВЕННОСТИ |
| Основное заглавие |
Продовольственные ресурсы Сибири и Дальнего Востока и рационализация питания населения |
| Сведения, относящиеся к заглавию |
библиографический указатель литературы (1965-1979 гг.) |
| -- |
для участников межотраслевой научно-практической конференции "Продовольственная база Сибири и Дальнего Востока, рационализация питания и обеспечения населения питьевой водой", проходившей в г. Владивостоке 27-30 мая 1980 г. |
| Первые сведения об ответственности |
составители: Т. Н. Михайлюк, А. П. Кочмарева |
| Последующие сведения об ответственности |
Академия наук СССР, Дальневосточный научный центр, Институт экономических исследований, Центральная научная библиотека |
| 203 ## - ВИД СОДЕРЖАНИЯ И ТИП СРЕДСТВА |
| Вид содержания |
Текст |
| Дополнительные сведения об издании |
визуальный |
| Тип средства |
непосредственный |
| 210 ## - ПУБЛИКАЦИЯ, РАСПРОСТРАНЕНИЕ И ДР. |
| Место издания, распространения и т.д. |
Владивосток |
| Имя издателя, распространителя и т. д. |
[б. и.] |
| Дата издания, распространения и т.д. |
1980 |
| 215 ## - ФИЗИЧЕСКАЯ ХАРАКТЕРИСТИКА |
| Специфическое обозначение материала и объем |
211, [3] с. |
| Размеры |
21 |
| 300 ## - ОБЩИЕ ПРИМЕЧАНИЯ |
| Текст примечания |
Сост. указаны на обороте тит. с. |
| 320 ## - ПРИМЕЧАНИЯ О НАЛИЧИИ В ДОКУМЕНТЕ БИБЛИОГРАФИИ / УКАЗАТЕЛЯ |
| Текст примечания |
Библиогр. в конце кн. |
| 606 1# - НАИМЕНОВАНИЕ ТЕМЫ КАК ПРЕДМЕТ |
| Наименование темы |
Здоровье |
| Формальный подзаголовок |
Библиография |
| Тематический подзаголовок |
Влияние питания |
| Географический подзаголовок |
Сибирь |
| Системный номер авторитетной/нормативной записи |
2617774 |
| Идентификатор авторитетной/нормативной записи |
RU\NLR\AUTH\661554334 |
| 606 ## - НАИМЕНОВАНИЕ ТЕМЫ КАК ПРЕДМЕТ |
| Наименование темы |
Продовольственные ресурсы |
| Географический подзаголовок |
Сибирь |
| Формальный подзаголовок |
Библиография |
| Идентификатор авторитетной/нормативной записи |
RU\NLR\AUTH\6601754318 |
| Системный номер авторитетной/нормативной записи |
2666291 |
| 606 ## - НАИМЕНОВАНИЕ ТЕМЫ КАК ПРЕДМЕТ |
| Наименование темы |
Продовольственные ресурсы |
| Географический подзаголовок |
СССР |
| -- |
Дальний Восток |
| Формальный подзаголовок |
Библиография |
| Идентификатор авторитетной/нормативной записи |
RU\NLR\AUTH\6601754321 |
| Системный номер авторитетной/нормативной записи |
2666294 |
| 686 1# - ИНДЕКСЫ ДРУГИХ КЛАССИФИКАЦИЙ |
| Индекс |
У9(2)-982(2Р5)я1 |
| 686 1# - ИНДЕКСЫ ДРУГИХ КЛАССИФИКАЦИЙ |
| Индекс |
Р123(2Р5)я1 |
| 700 #1 - ИМЯ ЛИЦА - ПЕРВИЧНАЯ ОТВЕТСТВЕННОСТЬ |
| Начальный элемент ввода |
Михайлюк |
| Часть имени, кроме начального элемента ввода |
Т. Н. |
| 701 #1 - ИМЯ ЛИЦА - АЛЬТЕРНАТИВНАЯ ОТВЕТСТВЕННОСТЬ |
| Начальный элемент ввода |
Кочмарева |
| Часть имени, кроме начального элемента ввода |
А. П. |
| Расширение инициалов личного имени |
Анна Петровна |
| 711 12 - НАИМЕНОВАНИЕ ОРГАНИЗАЦИИ - АЛЬТЕРНАТИВНАЯ ОТВЕТСТВЕННОСТЬ |
| Начальный элемент ввода |
"Продовольственная база Сибири и Дальнего Востока, рационализация питания и обеспечения населения питьевой водой", межотраслевая научно-практическая конференция |
| Дата проведения временной организации |
1980 |
| Место проведения временной организации |
Владивосток |
| Идентификатор авторитетной/нормативной записи |
RU\NLR\AUTH\880483179 |
| Системный номер авторитетной/нормативной записи |
626835 |
| 712 02 - НАИМЕНОВАНИЕ ОРГАНИЗАЦИИ - ВТОРИЧНАЯ ОТВЕТСТВЕННОСТЬ |
| Код отношения |
Прочие |
| Начальный элемент ввода |
Институт экономических исследований |
| Идентифицирующий признак |
Хабаровск |
| Идентификатор авторитетной/нормативной записи |
RU\NLR\AUTH\889947439 |
| Системный номер авторитетной/нормативной записи |
390520 |
| 712 02 - НАИМЕНОВАНИЕ ОРГАНИЗАЦИИ - ВТОРИЧНАЯ ОТВЕТСТВЕННОСТЬ |
| Код отношения |
Прочие |
| Начальный элемент ввода |
АН СССР |
| Структурное подразделение |
Дальневосточный научный центр |
| -- |
Центральная научная библиотека |
| Идентификатор авторитетной/нормативной записи |
RU\NLR\AUTH\889956049 |
| Системный номер авторитетной/нормативной записи |
408203 |
| 942 ## - ДОПОЛНИТЕЛЬНЫЕ ЭЛЕМЕНТЫ ЗАПИСИ (АБИС) |
| Тип экземпляра АБИС |
Книга |
| 980 ## - КОЛЛЕКЦИЯ |
| Название коллекции |
Национальная библиография |